[Event "29th Open"]
[Site "Cappelle la Grande FRA"]
[Date "2013.02.25"]
[Round "4.18"]
[White "Hansen,Eric"]
[Black "Kambrath,Y"]
[Result "1-0"]
[WhiteElo "2557"]
[BlackElo "2232"]

1.e4 c5 2.Nf3 e6 3.d4 cxd4 4.Nxd4 Nc6 5.Nc3 a6 6.f4 Nxd4 7.Qxd4 b5 8.Be2 Bb7
9.a3 Rc8 10.Be3 Nf6 11.Bf3 Rc4 12.Qd3 Qc7 13.O-O d6 14.Bd4 d5 15.Bxf6 dxe4
16.Bxe4 gxf6 17.f5 Rg8 18.Rae1 e5 19.Bxb7 Qxb7 20.Ne4 Be7 21.h3 Bc5+ 22.Kh1 Ke7
23.c3 Rd8 24.Qf3 Bb6 25.Re2 Qd5 26.Rfe1 Qd3 27.Qg4 Rxe4 28.Qxe4 Qxe4 29.Rxe4 Bf2
30.R1e2 Bg3 31.Rd4 Rc8 32.Rg4  1-0

[Event "79th ch-BRA 2013"]
[Site "Montenegro BRA"]
[Date "2013.02.25"]
[Round "1.5"]
[White "Mekhitarian,K"]
[Black "Barbosa,Ev"]
[Result "1/2-1/2"]
[WhiteElo "2546"]
[BlackElo "2422"]

1.e4 c5 2.Nf3 e6 3.d4 cxd4 4.Nxd4 Nc6 5.Nc3 Qc7 6.Be3 a6 7.Qd2 Nf6 8.O-O-O Bb4
9.f3 Ne5 10.Nb3 b5 11.Qe1 Be7 12.f4 Ng6 13.e5 Ng4 14.Ne4 Nxe3 15.Qxe3 O-O
16.Bd3 Bb7 17.Rhe1 Bd5 18.Kb1 Rfc8 19.Nd4 Qa5 20.Nb3 Qc7 21.Nd4 Qa5 22.Nb3  1/2-1/2

[Event "Reykjavik Open 2013"]
[Site "Reykjavik ISL"]
[Date "2013.02.26"]
[Round "9.78"]
[White "Johannesson,Oliver"]
[Black "Kjartansson,Dag"]
[Result "1-0"]
[WhiteElo "1988"]
[BlackElo "1623"]

1.e4 c5 2.Nf3 Nc6 3.d4 cxd4 4.Nxd4 e6 5.Nc3 a6 6.Be3 Bb4 7.Nxc6 Bxc3+ 8.bxc3 bxc6
9.Qd6 Qe7 10.Qg3 f6 11.Be2 d5 12.O-O Bb7 13.Bc5 Qd7 14.Rab1 Kf7 15.Rb6 Bc8
16.Rfb1 g6 17.Bg4 h5 18.Be2 h4 19.Qe3 Ne7 20.e5 Nf5 21.Qf4 g5 22.Qd2 Qc7
23.exf6 Kxf6 24.Bg4 e5 25.Bxf5 Kxf5 26.Qd3+ e4 27.Qd4 Be6 28.Rb7 Qe5 29.Qxe5+ Kxe5
30.Bd4+ Kd6 31.Bxh8 Rxh8 32.Ra7 Bc8 33.Ra8 Kc7 34.Rbb8 Rf8 35.h3 c5 36.a4 d4
37.cxd4 cxd4 38.Kf1 Rd8 39.Ke2 d3+ 40.cxd3 exd3+ 41.Kd2 Rf8 42.Rxc8+ Rxc8
43.Rxc8+ Kxc8 44.Kxd3 Kd7 45.Kd4 Kd6 46.g3 a5 47.gxh4 gxh4 48.f4 Ke6 49.Ke4 Kf6
50.f5 Kg7 51.Kf4  1-0

[Event "29th Open"]
[Site "Cappelle la Grande FRA"]
[Date "2013.02.27"]
[Round "6.115"]
[White "Iwanow,A"]
[Black "Menna,I"]
[Result "1-0"]
[WhiteElo "2216"]
[BlackElo "1934"]

1.e4 c5 2.Nf3 e6 3.d4 cxd4 4.Nxd4 Nc6 5.Nc3 Qc7 6.Be3 a6 7.f4 Bc5 8.Ndb5 axb5
9.Bxc5 b4 10.Nb5 Qxf4 11.Be2 Ra5 12.Nd6+ Kf8 13.Rf1  1-0

[Event "29th Open"]
[Site "Cappelle la Grande FRA"]
[Date "2013.03.01"]
[Round "8.109"]
[White "Hartikainen,M"]
[Black "Passchyn,M"]
[Result "1-0"]
[WhiteElo "2348"]
[BlackElo "1931"]

1.e4 c5 2.Nf3 e6 3.d4 cxd4 4.Nxd4 Nc6 5.Nc3 Qc7 6.Be2 a6 7.Be3 Nf6 8.a3 b5
9.O-O Bb7 10.Nb3 Ne5 11.Bf4 Nf3+ 12.Bxf3 Qxf4 13.Re1 Rc8 14.Qd4 Bd6 15.e5 Qxd4
16.Nxd4 Bxf3 17.Nxf3 Bxa3 18.Rxa3 b4 19.Rxa6 bxc3 20.exf6 cxb2 21.fxg7 Rg8
22.Rb6 Rxc2 23.Rb8+ Ke7 24.Rxg8 Rc1 25.Rb8  1-0

[Event "TCh-SVK Extraliga 2012-13"]
[Site "Slovakia SVK"]
[Date "2013.03.01"]
[Round "9.5"]
[White "Skara,V"]
[Black "Csonka,A1"]
[Result "0-1"]
[WhiteElo "2222"]
[BlackElo "2425"]

1.e4 c5 2.Nf3 e6 3.d4 cxd4 4.Nxd4 Nc6 5.Nc3 Qc7 6.Be2 a6 7.O-O Nf6 8.a4 Bb4
9.Nxc6 bxc6 10.Bd3 e5 11.Bg5 Be7 12.Kh1 d6 13.b4 Rb8 14.Bxf6 Bxf6 15.Qe1 O-O
16.b5 axb5 17.axb5 Bb7 18.Rb1 g6 19.bxc6 Bxc6 20.Rxb8 Rxb8 21.Bc4 Bg5 22.Qe2 Rb4
23.Bd5 Be8 24.Nd1 Bb5 25.c4 Bxc4 26.Bxc4 Qxc4 27.Qxc4 Rxc4 28.f3 Rc2 29.Nf2 f5
30.Nh3 Be3 31.f4 fxe4 32.fxe5 d5 33.e6 Rc1  0-1

[Event "5th Batavia GM 2013"]
[Site "Amsterdam NED"]
[Date "2013.03.02"]
[Round "3.5"]
[White "Zhou,Y"]
[Black "Rijnaarts,S"]
[Result "1-0"]
[WhiteElo "2437"]
[BlackElo "2359"]

1.e4 c5 2.Nf3 e6 3.Nc3 Nc6 4.d4 cxd4 5.Nxd4 d6 6.Be3 a6 7.f4 Nf6 8.Qf3 e5
9.Nxc6 bxc6 10.fxe5 dxe5 11.Bc4 Be7 12.O-O O-O 13.h3 Qa5 14.Rf2 Rb8 15.Bb3 Bc5
16.Raf1 Rb7 17.Kh1 Bxe3 18.Qxe3 Nh5 19.Ne2 g6 20.Kh2 Ng7 21.Nc1 Ne6 22.Nd3 Kg7
23.Bxe6 Bxe6 24.Qg5 Rb5 25.Qf6+ Kg8 26.Qxe6 fxe6 27.Rxf8+ Kg7 28.R1f7+ Kh6
29.Rh8 g5 30.Rhxh7+ Kg6 31.Rhg7+ Kh6 32.Nf2 Rb8 33.Ng4+ Kh5 34.Rh7+ Kg6 35.Rfg7+  1-0

[Event "29th ChessOrg Open"]
[Site "Bad Woerishofen GER"]
[Date "2013.03.02"]
[Round "2.12"]
[White "Gruettner,R"]
[Black "Mainka,R"]
[Result "0-1"]
[WhiteElo "2085"]
[BlackElo "2430"]

1.e4 c5 2.Nf3 Nc6 3.d4 cxd4 4.Nxd4 e6 5.Nc3 a6 6.Be3 Nf6 7.Nxc6 bxc6 8.e5 Nd5
9.Nxd5 cxd5 10.c3 d6 11.f4 dxe5 12.fxe5 Bd7 13.Bd3 Qc7 14.O-O Bc5 15.Bxc5 Qxc5+
16.Kh1 Qe3 17.Qc2 Qxe5 18.Rae1 Qg5 19.Rf3 g6 20.Qf2 O-O 21.Rf6 e5 22.h4 Qh5
23.Rd6 Be6 24.Be2 Qh6 25.Bxa6 e4 26.Qf6 Rab8 27.b4 Rfe8 28.a4 Qf8 29.Qf4 Qe7
30.Rc6 Red8 31.Bb5 Bd7 32.Rc7 Rbc8 33.Rxd7 Rxd7 34.Bxd7 Qxd7 35.Re3 Qxa4
36.Kh2 Qd7 37.h5 Qc7 38.Kg3 Kg7 39.h6+ Kf8 40.Qxc7 Rxc7 41.Kf4 f6 42.b5 Kf7
43.b6 Rb7 44.c4 dxc4 45.Rxe4 Rxb6 46.Rxc4 g5+ 47.Kf5 Rb7 48.Kg4 Kg6 49.Rc5 Rb4+
50.Kf3 Rf4+ 51.Ke3 Kxh6 52.g3 Rg4  0-1

[Event "TCh-ISL 2012-13"]
[Site "Reykjavik ISL"]
[Date "2013.03.02"]
[Round "6.6"]
[White "Bjornsson,Si"]
[Black "Kristjansson,St"]
[Result "1/2-1/2"]
[WhiteElo "2401"]
[BlackElo "2491"]

1.e4 c5 2.Nf3 e6 3.d4 cxd4 4.Nxd4 Nc6 5.Nc3 Qc7 6.Be3 a6 7.Qd2 Nf6 8.O-O-O Bb4
9.f3 O-O 10.g4 b5 11.g5 Nh5 12.Nde2 f5 13.Ng3 f4 14.Nxh5 fxe3 15.Qxe3 Ne5
16.f4 Bxc3 17.bxc3 Ng6 18.Qd4 Rf7 19.f5 Nf4 20.Nxf4 Qxf4+ 21.Kb1 exf5 22.Bd3 Bb7
23.Rhf1 Qxg5 24.Rxf5 Rxf5 25.exf5 Qe7 26.Rg1  1/2-1/2

[Event "TCh-ISL 2012-13"]
[Site "Reykjavik ISL"]
[Date "2013.03.02"]
[Round "7.4"]
[White "Olafsson,D"]
[Black "Halkias,S"]
[Result "1/2-1/2"]
[WhiteElo "2312"]
[BlackElo "2554"]

1.e4 c5 2.Nf3 e6 3.d4 cxd4 4.Nxd4 Nc6 5.Nc3 Qc7 6.Nxc6 bxc6 7.Bd3 Nf6 8.O-O Be7
9.Re1 e5 10.Kh1 O-O 11.f4 d6 12.f5 d5 13.Qf3 Bb7 14.Bg5 Rad8 15.Rad1 Kh8
16.Qh3 d4 17.Bxf6 Bxf6 18.Nb1 Bg5 19.Qg4 Qe7 20.Na3 Rd6 21.Nc4 Rh6 22.g3 Bf6
23.Kg1 c5 24.a3 Bc8 25.Qe2 Bg5 26.b4 cxb4 27.axb4 Re8 28.Ra1 Ra6 29.b5 Rxa1
30.Rxa1 g6 31.Ra5 Qc7 32.h4 Bf6 33.fxg6 fxg6 34.Ra1 Bg7 35.Rf1 Bh3 36.Rf2 Be6
37.Kh2 Bh6 38.Rf6 Kg7 39.Qf1 Qe7 40.Rf2 Bg8 41.Qa1 Qc5 42.Qa6 Bxc4 43.Bxc4 Qxc4
44.Qxa7+ Kg8 45.b6 Rf8 46.Rxf8+ Bxf8 47.b7 Qe2+ 48.Kh3 Qf1+ 49.Kh2 Qf2+ 50.Kh1 Qe1+
51.Kh2 Qf2+ 52.Kh1 Qf3+ 53.Kh2 Qe2+ 54.Kh3 Qf1+ 55.Kh2 Qf2+  1/2-1/2

[Event "TCh-ISL 2012-13"]
[Site "Reykjavik ISL"]
[Date "2013.03.02"]
[Round "7.6"]
[White "Kristjansson,St"]
[Black "Bergsson,St"]
[Result "1-0"]
[WhiteElo "2491"]
[BlackElo "2139"]

1.e4 c5 2.Nc3 e6 3.Nf3 Nc6 4.d4 cxd4 5.Nxd4 Qc7 6.Be3 Nf6 7.Ndb5 Qb8 8.Be2 a6
9.Bb6 axb5 10.Nxb5 Bb4+ 11.c3 Ba5 12.Nc7+ Kf8 13.Qd6+ Kg8 14.Bc5 h5 15.Nxa8 Qxa8
16.Bd3 e5 17.b4 Bd8 18.Qf8+ Kh7 19.Qxf7 Qa3 20.O-O Qxc3 21.Rfd1 d6 22.Rac1 Qa3
23.Bxd6 Bb6 24.h3 Rd8 25.Bf8 Rd7 26.Qc4 Rd4 27.Qf7 Rd7 28.Qc4 Rd4 29.Qc2 Bd7
30.Rb1 Qa8 31.b5 Nd8 32.Bc4 Qc8 33.Rxd4 Bxd4 34.Rc1 Qa8 35.Be7 Ne6 36.Bd5 Nf4
37.Bxf6 Bxb5 38.Bg5 Ne2+ 39.Kh2 Bxf2 40.Qc8 Bg3+ 41.Kh1 Qxc8 42.Rxc8 b6 43.Bc4 Bxc4
44.Rxc4 Bf2 45.h4 Ng3+ 46.Kh2 Ne2 47.Rc2 Bg3+ 48.Kh3 Nd4 49.Rb2 Be1 50.Rxb6 Bf2
51.a4 Ne2 52.a5 Bg1 53.Rb7 Nc3 54.a6 Nxe4 55.a7 Nf2+ 56.Kg3  1-0

[Event "FIDE Women's World Teams"]
[Site "Astana KAZ"]
[Date "2013.03.04"]
[Round "2.3"]
[White "Abrahamyan,T"]
[Black "Cemhan,K"]
[Result "1/2-1/2"]
[WhiteElo "2300"]
[BlackElo "2025"]

1.e4 c5 2.Nf3 e6 3.d4 cxd4 4.Nxd4 Nc6 5.Nc3 Qc7 6.Be3 a6 7.Qd2 Nf6 8.f3 Be7
9.O-O-O b5 10.g4 O-O 11.g5 Nh5 12.Nce2 Rd8 13.Ng3 Nxd4 14.Bxd4 Nf4 15.Be3 Bxg5
16.h4 Bh6 17.Rg1 Bb7 18.Nh5 Nxh5 19.Bxh6 f6 20.Bh3 d5 21.e5 f5 22.Rg5 Kh8
23.Rxh5 gxh6 24.Qxh6 Qf7 25.Rg1 Rg8 26.Rhg5 Rxg5 27.hxg5 Qg6 28.Qh4 Rc8 29.Bf1 d4
30.Qxd4 Bxf3 31.Bd3 Qf7 32.Rf1 Bb7 33.b3 Qe7 34.Qf4 Qc5 35.g6 Rc7 36.Qh6 Rg7
37.gxh7 Qxe5 38.Qh4 Qe3+ 39.Kb1 Qg5 40.Qd4 Kxh7 41.Qe5 Qh6 42.Re1 Rg6 43.Qc5 Qg7
44.Qf2 Kg8 45.Qf4 Kh7 46.a4 bxa4 47.Qxa4 Rg1 48.Qh4+ Kg8 49.Qd8+ Kh7 50.Qh4+ Kg8
51.Qd8+  1/2-1/2

[Event "FIDE Women's World Teams"]
[Site "Astana KAZ"]
[Date "2013.03.05"]
[Round "3.1"]
[White "Milliet,S"]
[Black "Dzagnidze,N"]
[Result "0-1"]
[WhiteElo "2401"]
[BlackElo "2554"]

1.e4 c5 2.Nc3 e6 3.Nf3 Nc6 4.d4 cxd4 5.Nxd4 Qc7 6.f4 a6 7.Nxc6 Qxc6 8.Bd3 b5
9.Qe2 Bb7 10.Bd2 Be7 11.a3 Nf6 12.O-O-O b4 13.axb4 Bxb4 14.Rhe1 O-O 15.g4 d6
16.g5 Nd7 17.Qh5 Rfc8 18.Re3 Nf8 19.Rh3 a5 20.f5 a4 21.fxe6 a3 22.exf7+ Kh8
23.Nb1 axb2+ 24.Kxb2 Qb6 25.Kc1 Ra1 26.Bxb4 Qxb4 27.c4 Rxc4+ 28.Bxc4 Rxb1+
29.Kc2 Bxe4+  0-1

[Event "FIDE Women's World Teams"]
[Site "Astana KAZ"]
[Date "2013.03.05"]
[Round "3.4"]
[White "Melia,S"]
[Black "Benmesbah,N"]
[Result "1-0"]
[WhiteElo "2419"]
[BlackElo "2266"]

1.e4 c5 2.Nf3 e6 3.d4 cxd4 4.Nxd4 Nc6 5.Nc3 Nf6 6.Nxc6 bxc6 7.Bd3 d5 8.O-O Be7
9.e5 Nd7 10.Re1 Qb6 11.Na4 Qa5 12.b3 Qc7 13.Bb2 O-O 14.c4 dxc4 15.bxc4 Rb8
16.Qc2 g6 17.Bd4 Rd8 18.Rad1 c5 19.Ba1 Ba6 20.Nc3 Rb4 21.a3 Rb6 22.a4 Nb8
23.Nb5 Bxb5 24.cxb5 Nd7 25.Qa2 Rbb8 26.a5 c4 27.Bxc4 Bb4 28.Rf1 Qxa5 29.Bxe6 Qxa2
30.Bxa2 Nf8 31.Bc4 Ne6 32.g3 Bc5 33.Kg2 Bb6 34.Rd6 Rxd6 35.exd6 Bc5 36.Rd1 Nf8
37.Be2 Rd8 38.Rd5 Nd7 39.f4 Bb4 40.Rd4 Bc5 41.Rd1 Nb6 42.Be5 f6 43.Bxf6 Rxd6
44.Rxd6 Bxd6 45.Be5 Bxe5 46.fxe5 Kf8 47.Kf3 Na4 48.Ke3 Nc3 49.Bc4 Ke7 50.Kd4 Na4
51.Bg8 h6 52.Bb3 Nb6 53.Bc2 g5 54.Bf5 Kd8 55.Kc5 Kc7 56.Bc2 Kd7 57.Bb3 Nc8
58.Kd5 Ne7+ 59.Kc5 Nf5 60.Bc4 Ne3 61.Be2 Ke6 62.Kd4 Nf5+ 63.Ke4 Ne7 64.Bg4+ Kf7
65.Kd4 Ke8 66.Kc5 Kd8 67.Kd6 Ng8 68.Ke6 Ke8 69.Bh5+ Kf8 70.Bf3 Ke8 71.Bh5+ Kf8
72.Kd7 Ne7 73.Be2 Ng6 74.e6 Ne7 75.Bf3 Nf5 76.Be4 Ne7 77.Kc7 Kg7 78.Kb7 Kf6
79.Kxa7 Kxe6 80.b6 Nc8+ 81.Ka6 Nxb6 82.Kxb6 g4 83.Kc5 Ke5 84.Bc2 h5 85.Kc4 h4
86.Kd3  1-0

[Event "79th ch-BRA 2013"]
[Site "Montenegro BRA"]
[Date "2013.03.05"]
[Round "10.6"]
[White "Mekhitarian,K"]
[Black "Mendonca,M"]
[Result "1/2-1/2"]
[WhiteElo "2546"]
[BlackElo "2255"]

1.e4 c5 2.Nf3 e6 3.d4 cxd4 4.Nxd4 Nc6 5.Nc3 d6 6.Be3 Nf6 7.f3 Be7 8.Qd2 O-O
9.g4 a6 10.O-O-O Nxd4 11.Bxd4 b5 12.g5 Nd7 13.h4 Bb7 14.Kb1 Rc8 15.a3 Ne5
16.Qe3 Nc4 17.Bxc4 Rxc4 18.f4 b4 19.axb4 Rxb4 20.Na2 Rc4 21.b3 Rc8 22.Rhe1 Qc7
23.Rd2 Rfe8 24.Bb2 Bf8 25.h5 a5 26.h6 g6 27.Nc3 Qc5 28.Na4 Qxe3 29.Rxe3 Rc6
30.Ba3 e5 31.fxe5 Rxe5 32.Rd5 Rxd5 33.exd5 Rc7 34.Re8 Rc8 35.Rxc8 Bxc8 36.Nb6 Bh3
37.Nc4 Be7 38.Nxd6 Bxg5 39.c4 Bg2 40.Bc1 Be7 41.Nc8 Bc5 42.Bg5 Kf8 43.Bf4 g5
44.Bd6+ Bxd6 45.Nxd6 Ke7 46.Nf5+ Kf6 47.Ne3 Be4+ 48.Kc1 Ke5 49.Ng4+ Kf4 50.Nf2 g4  1/2-1/2

[Event "5th Batavia GM 2013"]
[Site "Amsterdam NED"]
[Date "2013.03.06"]
[Round "6.4"]
[White "Burg,T"]
[Black "Rijnaarts,S"]
[Result "1-0"]
[WhiteElo "2481"]
[BlackElo "2359"]

1.e4 c5 2.Nf3 e6 3.d4 cxd4 4.Nxd4 Nc6 5.Nc3 d6 6.Be3 Nf6 7.f3 Be7 8.Qd2 O-O
9.g4 a6 10.O-O-O Nd7 11.h4 Nxd4 12.Qxd4 b5 13.h5 b4 14.Ne2 Qa5 15.Kb1 d5
16.exd5 Bc5 17.Qd2 Nf6 18.Bxc5 Qxc5 19.h6 Qxd5 20.hxg7 Rd8 21.Nd4 Nxg4 22.Bd3 f5
23.Nxf5 exf5 24.Bc4 Qxc4 25.Qxd8+ Kxg7 26.Qg5+ Kf8 27.Rd8+ Kf7 28.Rxh7+ Ke6
29.Re7+  1-0

[Event "Jersey Masters 2013"]
[Site "St Clement Bay JCI"]
[Date "2013.03.07"]
[Round "3"]
[White "Jouault,L"]
[Black "Quinn,Joh"]
[Result "0-1"]
[WhiteElo "1929"]
[BlackElo "2122"]

1.e4 c5 2.Nf3 e6 3.d4 cxd4 4.Nxd4 Nc6 5.Nc3 Qc7 6.Be3 a6 7.Qd2 Nf6 8.f3 h5
9.O-O-O Be7 10.Kb1 b5 11.g3 Bb7 12.Bg2 Ne5 13.Bf4 d6 14.Rhe1 Nc4 15.Qd3 e5
16.Nf5 exf4 17.Nxg7+ Kf8 18.Nf5 b4 19.Nd5 Nxd5 20.exd5 Bf6 21.Qe4 Nxb2 22.Rc1 Qc3
23.Qxf4 Nc4  0-1

[Event "FSGM March 2013"]
[Site "Budapest HUN"]
[Date "2013.03.08"]
[Round "6.1"]
[White "Duda,J"]
[Black "Vishnu,P"]
[Result "1-0"]
[WhiteElo "2468"]
[BlackElo "2483"]

1.e4 c5 2.Nf3 e6 3.d4 cxd4 4.Nxd4 Nc6 5.Nc3 d6 6.Be2 Nf6 7.Be3 Be7 8.O-O O-O
9.Kh1 Bd7 10.Nb3 Rc8 11.f4 a6 12.a4 Nb4 13.Bf3 e5 14.Rf2 Rc4 15.Nd2 Rc6 16.Nf1 Qc8
17.Qd2 Rc4 18.Ng3 Qc7 19.Raf1 exf4 20.Bxf4 Ng4 21.Bxg4 Bxg4 22.h3 Be6 23.Bh6 gxh6
24.Qxh6 Rc5 25.Nd5 Nxd5 26.Nh5 Bf6 27.Rxf6  1-0

[Event "Frau Bundesliga Div1 2012-13"]
[Site "Germany GER"]
[Date "2013.03.09"]
[Round "10.2"]
[White "Daulyte,D"]
[Black "Melamed,T"]
[Result "0-1"]
[WhiteElo "2212"]
[BlackElo "2368"]

1.e4 c5 2.Nf3 e6 3.d4 cxd4 4.Nxd4 Nc6 5.Nc3 Qc7 6.Be2 a6 7.O-O Nf6 8.Be3 Bb4
9.Na4 O-O 10.Nxc6 bxc6 11.Nb6 Rb8 12.Nxc8 Rfxc8 13.Bxa6 Rf8 14.Bd3 Bd6 15.f4 e5
16.f5 Rxb2 17.a4 Qa5 18.Kh1 Bc5 19.Bg5 Be7 20.Bd2 Qc5 21.Bc1 Rb4 22.Ba3 d5
23.Bxb4 Qxb4 24.exd5 e4 25.dxc6 exd3 26.Qxd3 Bd6 27.a5 Bc7 28.a6 Ra8 29.Rfb1 Qc5
30.Qb5 Qd6 31.g3 Ng4 32.Re1 h5 33.f6 g6 34.Re7 Qxf6  0-1

[Event "11th Meurthe Festival"]
[Site "Nancy FRA"]
[Date "2013.03.09"]
[Round "2.2"]
[White "Le Corre,B"]
[Black "Vachier Lagrave,M"]
[Result "0-1"]
[WhiteElo "2296"]
[BlackElo "2722"]

1.e4 c5 2.Nf3 e6 3.d4 cxd4 4.Nxd4 Nc6 5.Nc3 Qc7 6.g3 a6 7.Bg2 d6 8.Nxc6 bxc6
9.O-O Be7 10.f4 Nf6 11.e5 dxe5 12.fxe5 Nd5 13.Kh1 O-O 14.Ne4 Qxe5 15.c4 Nf6
16.Bf4 Qa5 17.Bd2 Qd8 18.Bc3 Nxe4 19.Bxe4 Bd7 20.Qd4 f6 21.Rad1 Be8 22.Bxh7+ Kxh7
23.Qh4+ Kg8 24.Rxd8 Rxd8 25.Qe4 e5 26.b4 c5 27.b5 axb5 28.cxb5 Bxb5 29.Rf2 Rd1+
30.Kg2 Rc8 31.Kh3 Bd7+ 32.g4 c4 33.Rd2 Rxd2 34.Bxd2 Kf7 35.Bc3 Be6 36.Qh7 Rd8
37.Qh5+ Kg8 38.Kg2 Ra8 39.a4 Bf7 40.Qf5 Rxa4 41.Qc8+ Bf8 42.g5 fxg5 43.Kf1 Ra3
44.Bxe5 Re3 45.Bd6 Re8 46.Qc5 Bxd6 47.Qxd6 Kh7 48.Qc7 Re4 49.Kg1 Rf4 50.Qc6 Bg6
51.Kg2  0-1

[Event "FIDE Women's World Teams"]
[Site "Astana KAZ"]
[Date "2013.03.10"]
[Round "7.4"]
[White "Voicu,C"]
[Black "Benmesbah,N"]
[Result "1/2-1/2"]
[WhiteElo "2281"]
[BlackElo "2266"]

1.e4 c5 2.Nf3 e6 3.d4 cxd4 4.Nxd4 Nc6 5.Nc3 Nf6 6.Ndb5 Bc5 7.Bf4 O-O 8.Bc7 Qe7
9.Bd6 Bxd6 10.Qxd6 Ne8 11.Qxe7 Nxe7 12.O-O-O f5 13.Nd6 Nxd6 14.Rxd6 fxe4
15.Nxe4 Nf5 16.Rd2 d5 17.Ng5 Nd6 18.Bd3 h6 19.Nf3 Bd7 20.Re1 Rf6 21.Ne5 Rd8
22.f3 Nf7 23.Rde2 Nxe5 24.Rxe5 Rc8 25.Kd2 a6 26.c3 Rc6 27.Ke3 Be8 28.f4 Bg6
29.g3 Bxd3 30.Kxd3 g6 31.b3 Kf7 32.h4 Rf5 33.Kd4 Kf6 34.R1e3 Kf7 35.Re2 Kf6
36.R2e3 Kf7 37.Re2 Kf6 38.R2e3 Kf7 39.c4 dxc4 40.bxc4 Rd6+ 41.Kc3 Kf6 42.c5 Rc6
43.Kd4 b6 44.cxb6 Rxb6 45.a3 g5 46.hxg5+ hxg5 47.fxg5+ Rxg5 48.Rxg5 Kxg5
49.Kc5 Rb5+ 50.Kd6 Kf5 51.Rf3+ Kg4 52.Re3 Kf5 53.Rf3+ Kg4 54.Re3 Kf5 55.Rf3+  1/2-1/2

[Event "47th Begonia Open"]
[Site "Ballarat AUS"]
[Date "2013.03.10"]
[Round "4"]
[White "Solomon,SJ"]
[Black "Li,Zuhao Luke"]
[Result "1-0"]
[WhiteElo "2390"]
[BlackElo "2285"]

1.e4 c5 2.Nf3 e6 3.d4 cxd4 4.Nxd4 Nc6 5.Nc3 Qc7 6.Be2 a6 7.O-O Nf6 8.Be3 Bb4
9.Na4 Be7 10.c4 Nxe4 11.Nxc6 bxc6 12.c5 O-O 13.Rc1 f5 14.f4 Nf6 15.Bd4 Nd5
16.Nb6 Nxb6 17.cxb6 Qd8 18.Qb3 Rb8 19.Rfd1 c5 20.Rxc5 Bxc5 21.Bxc5 d5 22.a4 Rf7
23.a5 Bb7 24.Qe3 Rc8 25.b4 Qd7 26.h4 e5 27.fxe5 f4 28.e6 fxe3 29.exd7 Rxd7
30.Bg4 Rxc5 31.bxc5 Re7 32.Be2 Re4 33.Rc1 Bc6 34.Bxa6 Ra4 35.Bb5 Bxb5 36.b7  1-0

[Event "45th Belgrade WGM"]
[Site "Belgrade SRB"]
[Date "2013.03.10"]
[Round "9.2"]
[White "Vega Gutierrez,S"]
[Black "Miladinovic,L"]
[Result "1-0"]
[WhiteElo "2364"]
[BlackElo "2116"]

1.e4 c5 2.Nf3 e6 3.d4 cxd4 4.Nxd4 Nc6 5.Nc3 Qc7 6.Be3 Nf6 7.f4 d6 8.Qf3 Be7
9.O-O-O a6 10.g4 Nd7 11.g5 b5 12.Bd3 Nxd4 13.Bxd4 b4 14.Nd5 exd5 15.exd5 Kf8
16.Kb1 Bb7 17.Rhe1 Qd8 18.h4 a5 19.Re2 Ba6 20.Bxa6 Rxa6 21.Rde1 Ra8 22.Rxe7 f6
23.gxf6 Nxf6 24.Qe2 Qc8 25.Bxf6 gxf6 26.Qh5  1-0

[Event "UTD Turner GM Invitational 2013"]
[Site "Richardson USA"]
[Date "2013.03.10"]
[Round "3"]
[White "Calugar,A"]
[Black "Macieja,B"]
[Result "0-1"]
[WhiteElo "2299"]
[BlackElo "2630"]

1.e4 c5 2.Nf3 Nc6 3.d4 cxd4 4.Nxd4 e6 5.Nc3 Qc7 6.Be3 a6 7.Qd2 Nf6 8.O-O-O Be7
9.f3 h5 10.Na4 Ne5 11.Nb3 b5 12.Nb6 Rb8 13.Nxc8 Rxc8 14.Kb1 Nc4 15.Bxc4 bxc4
16.Nc1 d5 17.exd5 Nxd5 18.Bd4 c3 19.Bxc3 Nxc3+ 20.Qxc3 Qxc3 21.bxc3 Rxc3
22.Rhe1 O-O 23.Rd3 Rb8+ 24.Nb3 Rc4 25.Re4 Rxe4 26.fxe4 a5 27.Rd4 Bb4 28.a4 Rc8
29.Rd7 Rc4 30.Rd4 Rc8 31.Rd7 Bc3 32.Kc1 Rc4 33.Rd3 Be5 34.Nxa5 Rxa4 35.Nc6 Bxh2
36.Rh3 Bf4+ 37.Kb2 Rc4 38.Na5 Rxe4 39.Rxh5 Re2 40.Kb3 Rxg2 41.Rc5 g5 42.c4 g4
43.Rh5 Rh2  0-1

[Event "Karpos Open 2013"]
[Site "Skopje MKD"]
[Date "2013.03.10"]
[Round "2.5"]
[White "Stanojoski,Z"]
[Black "Iturrizaga,E"]
[Result "1/2-1/2"]
[WhiteElo "2413"]
[BlackElo "2650"]

1.e4 c5 2.Nf3 Nc6 3.d4 cxd4 4.Nxd4 e6 5.Nc3 Qc7 6.Be3 Nf6 7.Bd3 a6 8.O-O Nxd4
9.Bxd4 Bc5 10.Bxf6 gxf6 11.Qg4 Kf8 12.Kh1 h5 13.Qh4 Rh6 14.f4 b5 15.f5 Qe5
16.Rf3 Bb7 17.Raf1 Ke7 18.fxe6 dxe6 19.Nd5+ Bxd5  1/2-1/2

[Event "FIDE Women's World Teams"]
[Site "Astana KAZ"]
[Date "2013.03.11"]
[Round "8.1"]
[White "Bulmaga,I"]
[Black "Dzagnidze,N"]
[Result "1-0"]
[WhiteElo "2354"]
[BlackElo "2554"]

1.e4 c5 2.Nf3 e6 3.d4 cxd4 4.Nxd4 Nc6 5.Nc3 Qc7 6.Be2 Nf6 7.Be3 a6 8.a3 b5
9.Nxc6 dxc6 10.f4 Bb7 11.e5 Rd8 12.Bd3 Nd7 13.Qg4 g6 14.O-O-O c5 15.h4 c4
16.Be4 b4 17.axb4 Bxb4 18.Bxb7 Bxc3 19.bxc3 Qxb7 20.h5 Qe4 21.Rh3 gxh5 22.Qxh5 Rg8
23.Qxh7 Qxh7 24.Rxh7 Rc8 25.Rd6 Nf8 26.Rh2 Ng6 27.Rxa6 Ne7 28.Ra7 Kf8 29.Bd4 Rc6
30.Ra8+ Kg7 31.Rxg8+ Nxg8 32.g4 Nh6 33.Rh4 Ra6 34.Kb2 Ra8 35.Be3 Ng8 36.f5 f6
37.g5 fxg5 38.f6+ Nxf6 39.exf6+ Kxf6 40.Rxc4 Kf5 41.Kc1 e5 42.Kd2 g4 43.Rc7 Ke4
44.Rg7 Kf3 45.Rf7+ Ke4 46.Ke2 Rc8 47.Bd2 Rh8 48.Be1 Rh2+ 49.Kd1 Rh8 50.Rf2 Rh1
51.c4 Rh8 52.Re2+ Kf4 53.Bd2+ Kf3 54.Re3+ Kf2 55.Rxe5 g3 56.Rf5+ Kg1 57.Be3+ Kh1
58.c5 g2 59.Rg5 Kh2 60.c6 Re8 61.c7  1-0

[Event "47th Begonia Open"]
[Site "Ballarat AUS"]
[Date "2013.03.11"]
[Round "7"]
[White "Hamilton,D"]
[Black "Li,Zuhao Luke"]
[Result "1/2-1/2"]
[WhiteElo "2078"]
[BlackElo "2285"]

1.e4 c5 2.Nf3 e6 3.d4 cxd4 4.Nxd4 Nc6 5.Nc3 Qc7 6.Be3 a6 7.Be2 Nf6 8.O-O Bb4
9.Na4 Be7 10.Nxc6 bxc6 11.Nb6 Rb8 12.Nxc8 Qxc8 13.Bd4 c5 14.Be5 Rb6 15.b3 d6
16.Bb2 O-O 17.Bd3 Nd7 18.f4 Bf6 19.Bxf6 Nxf6 20.e5 Nd5 21.Qh5 g6 22.Qh6 Qc7
23.Rae1 dxe5 24.fxe5 Ne7 25.Rf3 Nf5 26.Bxf5 exf5 27.Rh3 f6 28.exf6 Rbxf6
29.Rhe3 R6f7 30.Qh4 f4 31.Re7 Qd8 32.Qg5 f3 33.gxf3 Qd4+ 34.Kh1 Rxf3 35.Re8 Rxe8
36.Rxe8+ Rf8 37.Rxf8+ Kxf8 38.Qc1 Kg7 39.Kg2 h5 40.Qe1 Qd5+ 41.Kf2 Qf5+ 42.Kg1 Qxc2
43.Qe5+ Kf7 44.Qc7+ Ke6 45.Qb6+ Ke5 46.Qxa6 h4 47.Qa4 Qd1+ 48.Kg2 Qd5+  1/2-1/2

[Event "13th European Seniors"]
[Site "Plovdiv BUL"]
[Date "2013.03.11"]
[Round "1"]
[White "Ciuro Munoz,R"]
[Black "Cvetkovic,Sr"]
[Result "1/2-1/2"]
[WhiteElo "2070"]
[BlackElo "2399"]

1.e4 c5 2.Nf3 e6 3.d4 cxd4 4.Nxd4 Nc6 5.Nc3 a6 6.Be2 Qc7 7.O-O Nf6 8.Be3 d6
9.Qd2 Be7 10.Rad1 Ne5 11.f3 O-O 12.Qe1 b5 13.a3 Bb7 14.Qg3 Rac8 15.Kh1 Ng6
16.Bd3 d5 17.Qxc7 Rxc7 18.exd5 Nxd5 19.Nxd5 Bxd5 20.f4 Nh4 21.Rd2 g6 22.Kg1 Bc5
23.c3 Bb7 24.Rfd1 Re8 25.Bf1 h6 26.Bf2 g5 27.Ne2 Bxf2+ 28.Kxf2 Ng6 29.g3 gxf4
30.gxf4 Bd5 31.Rd4 Bc4 32.Ng3 Bxf1 33.Kxf1 Rec8 34.Rd8+ Rxd8 35.Rxd8+ Kh7
36.f5 Ne5 37.fxe6 fxe6 38.Rd6 Rc6 39.Rxc6 Nxc6 40.Ne4 e5 41.Ke2 Kg6 42.Ke3 Kf5
43.Nc5 a5 44.Ne4 Ke6 45.b3 Ne7 46.c4 bxc4 47.bxc4 Nc6 48.Ng3 Nd4 49.Ke4 Nb3
50.h4 Nd2+ 51.Kd3 Nf3 52.h5 Nd4 53.Ke4 Nb3 54.Ke3 Nd4  1/2-1/2

[Event "13th European Seniors"]
[Site "Plovdiv BUL"]
[Date "2013.03.11"]
[Round "1"]
[White "Batakovs,O"]
[Black "Hansen,An2"]
[Result "1-0"]
[WhiteElo "2123"]
[BlackElo "1699"]

1.e4 c5 2.Nf3 Nc6 3.d4 cxd4 4.Nxd4 e6 5.Nc3 Qc7 6.Be2 a6 7.O-O Nf6 8.Be3 b5
9.Nxc6 dxc6 10.Bf3 Bd6 11.h3 Bh2+ 12.Kh1 Be5 13.Bd4 Bb7 14.Re1 h5 15.Bxe5 Qxe5
16.g3 g5 17.Bg2 Ke7 18.Qd2 Rad8 19.Qe3 g4 20.h4 Qd4 21.Nd5+ Rxd5 22.exd5 Qxe3
23.d6+ Kxd6 24.Rxe3 Nd5 25.Rd1 Kc5 26.Re2 Bc8 27.f3 f5 28.f4 a5 29.a3 Rh7
30.Kg1 Ra7 31.Kf2 b4 32.Ra1 Kb6 33.Bxd5 exd5 34.axb4 axb4 35.Rxa7 Kxa7 36.Re7+ Kb6
37.Rh7 d4 38.Rxh5 c5 39.Rh8 Bb7 40.Ke2 c4 41.Kd2 Be4 42.Rb8+ Kc5 43.h5  1-0

[Event "UTD Turner GM Invitational 2013"]
[Site "Richardson USA"]
[Date "2013.03.11"]
[Round "5"]
[White "Chiang,J"]
[Black "Calugar,A"]
[Result "1/2-1/2"]
[WhiteElo "2065"]
[BlackElo "2299"]

1.e4 c5 2.Nf3 Nc6 3.d4 cxd4 4.Nxd4 e6 5.Nc3 Qc7 6.Be2 a6 7.O-O b5 8.Be3 Bb7
9.Nxc6 Bxc6 10.Bf3 b4 11.Nd5 exd5 12.exd5 Bb7 13.d6 Bxf3 14.Qxf3 Qc6 15.Rfe1 O-O-O
16.Qe2 Bxd6 17.c3 Nf6 18.cxb4 Kb8 19.Qd3 Bxb4 20.Rec1 Qb7 21.a3 Ba5 22.b4 Bc7
23.b5 a5 24.b6 Be5 25.Rc7 Bxa1 26.Bf4 d6 27.Bxd6 Qd5 28.Rd7+  1/2-1/2

[Event "TCh-LTU 2013"]
[Site "Vilnius LTU"]
[Date "2013.03.11"]
[Round "7.2"]
[White "Tvarijonas,P"]
[Black "Kovalev,An"]
[Result "1/2-1/2"]
[WhiteElo "2331"]
[BlackElo "2465"]

1.e4 c5 2.Nf3 e6 3.d4 cxd4 4.Nxd4 Nc6 5.Nc3 a6 6.Be3 Nf6 7.Bd3 Qc7 8.O-O b5
9.Nxc6 Qxc6 10.e5 Bb7 11.f3 Bc5 12.Qe2 Nd5 13.Nxd5 Qxd5 14.Bxc5 Qxc5+ 15.Kh1 O-O
16.Rad1 Rac8 17.c3 Bd5 18.Rfe1 Rfd8 19.Bb1 a5 20.Rd4 b4 21.Qd3 g6 22.cxb4 axb4
23.Qd2 Rb8 24.h4 d6 25.Rc1 Qb6 26.exd6 Qxd6 27.h5 Qe5 28.hxg6 hxg6 29.Kg1 Qf6
30.Rxb4 Rxb4 31.Qxb4 Bxf3 32.Rf1 Qg5 33.Rxf3 Rd1+ 34.Kh2 Qh5+ 35.Kg3 Rxb1
36.Qb8+ Kg7 37.Qf4 g5 38.Qd4+ Kh7 39.Kf2 g4 40.Qd3+ Kg8 41.Qxb1 gxf3 42.gxf3 Qc5+  1/2-1/2